00711nam a2200205 a 4500001001000000005001700010008004100027041000800068044000800076050002400084100004900108245007100157260004000228300005700268500003400325500000900359651004400368651004500412651004800457BRCA_631720190320205418.0080811s1921----nyuac#####---#000-0#eng-# aeng ahyu 4aF127b.N8 D55c19211 aDow, Charles M.d1854-1920.q(Charles Mason)10aAnthology and bibliography of Niagara Fallscby Charles Mason Dow. aAlbany, Nueva YorkbJ.B. Lyonc1921 a2 v.bil. (algunas a color), retratos, mapasc23 cm. aIncluye índice alfabético aK178 4aNiágara, Cataratas delxDescripción 4aNiágara, Cataratas delvBibliografía 4aAmérica del NortexDescripción y viajes